000 00332nam a2200133 i 4500
001 bg
100 1 _aSIEMIENIAKO, Franciszek
245 0 _aPodstawy automatyki z zadaniami /
_cFranciszek Siemieniako.
260 _aBiaƂystok,
_c1981.
040 _cBPK
041 _apol
942 _cKS
008 s pl f |000 0 pol
999 _c20087
_d20087
856 _uhttp://koha.tu.koszalin.pl/cgi-bin/koha/opac-detail.pl?biblionumber=20087
_yKatalog online BPK